000 00352nam a2200145 i 4500
001 bg
100 1 _aZIELIŃSKI, Zygmunt
245 0 _aWybrane zagadnienia ekonometrii... /
_cZygmunt Zieliński.
250 _aWyd.3 rozsz.
260 _aSzczecin,
_c1978.
040 _cBPK
041 _apol
942 _cKS
008 s pl f |000 0 pol
999 _c9882
_d9882
856 _uhttp://koha.tu.koszalin.pl/cgi-bin/koha/opac-detail.pl?biblionumber=9882
_yKatalog online BPK